| 000 | 00318cam a22001097a 4500 | ||
|---|---|---|---|
| 008 | 180718b1935 xxu||||| |||| 00| 0 eng d | ||
| 082 | _aA3748 W596 | ||
| 100 | _aWhitmarsh, W.F.H. | ||
| 245 |
_aComplete French course for first examinations _cby W.F.H. Whitmarsh |
||
| 260 |
_aLondon _bLongmans _c1935 |
||
| 300 | _axii, 288p | ||
| 999 |
_c410621 _d410621 |
||